00368nam a2200145Ia 4500008004100000040001900041041001200060082002000072100001900092245003600111260002700147300001800174650001200192850001800204131103s9999 xx 000 0 und d aLoreto College aEnglish a574/JOHbLCBED/ aJohnson, Cecil aBiology workbookcCecil Johnson aDelhibMacmillanc1975 a33p. c 24cm. aBioligy aLCBED/574/JOH